000 00902 a2200445 4500
000 BKB
001 072038
005 20200902151131.0
008
010 _a
020 _a
082 _a515.15
_bT36C
100 1 _aThomas, George B.
110 _a
245 1 _aCalculus and analytic geometry
_cby George B. Thomas and Ross L. Finney
250 _a9th ed.
260 _aNew Delhi
_bPearson
_c2012
300 _a1157p.
490 _a
_v
500 _a
600 _a
610 _a
611 _a
630 _a
650 _a
651 _a
654 _a
690 _aCalculus; Geometry, Analytic
700 _aFinney, Ross L.
_b
_c
710 _a
_b
_c
711 _a
720 _a
730 _a
740 _a
752 _a
856 _a
_d
_f
904 _a
964 _a
_b
_c
_d
_e
_f
_g
965 _a
999 _c5302
_d5302